Fastest male sprinters with exceptions - Statistics

General Stats
  • This quiz has been taken 18 times
    10 since last reset
  • The average score is 5 of 14
Answer Stats
Nationality Time Answer Ranking All-time % Correct
Botswana 9.86 Letsile Tebogo 158°
70%
Great Britain 9.87 Linford Christie 200°
60%
Italy 9.80 Marcell Lavant Jacobs 53°
60%
Kenya 9.77 Ferdinand Omanyala 22°
50%
Great Britain 9.83 Zharnel Hughes 88°
50%
China 9.83 Bingtian Su 88°
40%
Namibia 9.86 Frankie Fredericks 158°
40%
France 9.86 Jimmy Vicaut 158°
40%
South Africa 9.82 Akani Simbine 71°
30%
Portugal 9.86 Francis Obikwelu 158°
20%
Nigeria 9.85 Olusoji Fasuba 124°
10%
South Africa 9.86 Benjamin Richardson 158°
0%
Nigeria 9.86 Divine Oduduru 158°
0%
Zimbabwe 9.89 Ngonidzashe Makusha 269°
0%
No matching quizzes found
Score Distribution
Percent of People with Each Score
Percentile by Number Answered
Your Score History
You have not taken this quiz since the last reset